000 00848nam a22002177a 4500
999 _c743
_d743
003 AR-CdUCM
008 190225b ||||| |||| 00| 0 spa d
040 _aMUNICIPALIDAD PROVINCIAL DEL CUSCO
_cBIBLIOTECA MUNICIPAL DEL CUSCO
082 _a371.28 /
_bG71
100 _aGonzález Vigil, Francisco de Paula
_92847
245 _aEducación y sociedad /
260 _aLima :
_bItalperú,
_c1973.
300 _a88 páginas ;
_c17 cm.
500 _aDonación familia Nieto.
505 _aContenido: Razones que obligaron al hombre a dejar el salvajismo -- Ventajas de las asociaciones particulares -- De las asociaciones secretas -- Importancia y utilidad de la educación popular -- Ventajas del teatro ...
650 _aAsociaciones
_92848
650 _aFamilias
_92849
650 _aSociedad
_953
942 _2ddc
_cLIBROS
945 _aafb
_d2019-02-25